Hamilton Songs - Sudden Death - Statistics

General Stats
  • This quiz has been taken 6,511 times
    4,852 since last reset
  • The average score is 20 of 46
Answers on the Grid
Answers color-coded by a green-red scale on the quiz's grid according to % correct below.
A Story of a Great King
A Winter's Ball
Aaron Burr, Sir
Address to the Ladies
Alexander Hamilton
All That Was Lost
An Open Letter
And Peggy
Ben Franklin's Song
Best of Wives and Best of Women
Blow Us All Away
Boom Goes the Cannon
Burden of Pride
Burn
Burn All
Cabinet Battle #1
Cabinet Battle #2
Cabinet Battle #3
Cabinet Battle #4
Clash of Kings
Congratulations
Crossing the Delaware
Dear Theodosia
Dear Theodosia (Reprise)
Destiny Reigns
El Río
Farmer Refuted
Finale
First Burn
For the Revolution
George Washington
Guns and Ships
Hamilton
Helpless
History Has It's Eyes On You
Home
Hurricane
I Know Him
I Need You
Immigrants (We Get the Job Done)
It's Quiet Uptown
Liberty Song
Meet Me Inside
My Name is Alexander Hamilton
My Shot
Non-Stop
One Last Ride
One Last Time
One Last Time (Reprise)
Pride Before the Fall
Revolution
Revolution (Reprise)
Right Hand Man
Rise Up, Wise Up, Eyes Up
Satisfied
Say No to This
Schuyler Defeated
Secretary of the Treasury
Stay Alive
Stay Alive (Reprise)
Summer of '69
Take a Break
Teach Them How to Say Goodbye
Teach Them How to Say Goodbye (Reprise)
Ten Duel Commandments
That Would Be Enough
That Would Be Enough (Reprise)
The Adams Administration
The Articles of Confederation
The Battle of Yorktown
The Earth Will Shake
The Election of 1800
The Federalist Papers
The Race
The Rebels
The Reynolds Pamphlet
The Room Where It Happens
The Schuyler Sisters
The Story of My Life
The Story of Tonight
The Story of Tonight (Reprise)
The Surrender of Cornwallis
The World Was Wide Enough
Valley Forge
Viva la Vida
Wait For It
Wait for It (Reprise)
Waiting on a Miracle
Washington on Your Side
Washington's by Your Side
We Know
We The People
What Comes Next?
What'd I Miss?
Who Lives, Who Dies, Who Tells Your Story
Wrote My Way Out
Yorktown (The World Turned Upside Down)
You Will Be Found
You'll Be Back
Your Obedient Servant
 
Answer Stats
Answer % Correct
Aaron Burr, Sir
86%
Alexander Hamilton
86%
Cabinet Battle #1
80%
A Winter's Ball
79%
Burn
77%
Cabinet Battle #2
75%
Best of Wives and Best of Women
68%
Blow Us All Away
67%
Dear Theodosia
67%
Guns and Ships
53%
Helpless
53%
Non-Stop
53%
It's Quiet Uptown
52%
My Shot
52%
Farmer Refuted
51%
History Has It's Eyes On You
50%
Satisfied
50%
Say No to This
50%
Hurricane
49%
Stay Alive
47%
Ten Duel Commandments
47%
I Know Him
45%
One Last Time
45%
Schuyler Defeated
45%
Right Hand Man
44%
Take a Break
43%
Meet Me Inside
40%
Stay Alive (Reprise)
39%
That Would Be Enough
35%
The Adams Administration
33%
Wait For It
28%
The Reynolds Pamphlet
27%
The Room Where It Happens
25%
The Schuyler Sisters
25%
The Story of Tonight (Reprise)
25%
Yorktown (The World Turned Upside Down)
25%
You'll Be Back
25%
The Election of 1800
24%
The Story of Tonight
24%
What'd I Miss?
24%
Who Lives, Who Dies, Who Tells Your Story
24%
Your Obedient Servant
23%
Washington on Your Side
22%
The World Was Wide Enough
21%
We Know
21%
What Comes Next?
21%
No matching quizzes found
Score Distribution
Percent of People with Each Score
Percentile by Number Answered
Your Score History
You have not taken this quiz since the last reset